भूगोल: प्रशानोतर रूप में (Record no. 211137)
[ view plain ]
| 000 -LEADER | |
|---|---|
| fixed length control field | 00774nam a22001937a 4500 |
| 005 - DATE AND TIME OF LATEST TRANSACTION | |
| control field | 20250501112912.0 |
| 010 ## - LCCN (DPL NO) | |
| LC control number | HIN-129717 |
| 020 ## - INTERNATIONAL STANDARD BOOK NUMBER | |
| Terms of availability | 495.00 |
| International Standard Book Number | 9788197633560 |
| 035 ## - SYSTEM CONTROL NUMBER | |
| System control number | HN-102063 |
| 037 ## - SOURCE OF ACQUISITION | |
| Source of stock number/acquisition | DBAD |
| 082 ## - DEWEY DECIMAL CLASSIFICATION NUMBER | |
| Classification number | 000 |
| 245 ## - TITLE STATEMENT | |
| Title | भूगोल: प्रशानोतर रूप में |
| Statement of responsibility, etc | एन एन ओझा द्वारा संपादित |
| 260 ## - PUBLICATION, DISTRIBUTION, ETC. (IMPRINT) | |
| Place of publication, distribution, etc | नॉएडा |
| Name of publisher, distributor, etc | क्रॉनिकल पब्लिकेशन प्रा. लि. |
| Date of publication, distribution, etc | 2024 |
| 270 ## - ADDRESS | |
| Address | ए-1डी, सेक्टर-16, |
| City | नॉएडा |
| Postal code | 201301 |
| 300 ## - PHYSICAL DESCRIPTION | |
| Extent | 439,पृ. |
| Dimensions | 26 सेमी (अजिल्द) |
| 500 ## - GENERAL NOTE | |
| General note | UPSC & State PSCs |
| 700 ## - ADDED ENTRY--PERSONAL NAME | |
| Personal name | ओझा ,एन एन |
| 9 (RLIN) | 80962 |
| 942 ## - ADDED ENTRY ELEMENTS (KOHA) | |
| Source of classification or shelving scheme | Dewey Decimal Classification |
| Item type | Hindi Books |
| Classification part | 000 |
| Call number suffix | भूगोल |
| Withdrawn status | Lost status | Not for loan | Collection code | Home library | Current library | Date acquired | Source of acquisition | Cost, normal purchase price | Full call number | Barcode | Copy number | Cost, replacement price | Koha item type |
|---|---|---|---|---|---|---|---|---|---|---|---|---|---|
| Non-fiction | Mobile Library | Mobile Library | 01/05/2025 | DBAD | 495.00 | 000 भूगोल | HN-102063 | 1 | 495.00 | Hindi Books |
